Autoridades regulatorias, soft law administrativo y jurisprudencia

Bibliographic Details
Main Author: Restrepo Medina, Manuel Alberto
Other Authors: Franco Fuquen, Natalia Rocio
Format: eBook
Language:Spanish
Published: Bogot:̀ Universidad del Rosario, 2021
Subjects:
Online Access:Acceso restringido

MARC

LEADER 00000nam a22000007a 4500
005 20220211201355.0
007 cr|||| ||||
008 220211s2021 co |||||s|||| 00||0 spa d
020 |a 978-958-784-613-3 
035 |a 35897 
040 |a vLex 
090 |c 12954  |d 12954 
100 1 |a Restrepo Medina, Manuel Alberto 
245 1 0 |a Autoridades regulatorias, soft law administrativo y jurisprudencia  |h [Recurso electrn̤ico] /  |c Manuel Alberto Restrepo Medina, Natalia Rocio Franco Fuquen 
256 |a Servicio en ln̕ea 
260 |a Bogot:̀  |b Universidad del Rosario,  |c 2021 
300 |a 1 recurso electrn̤ico 
506 1 |a Disponible solo en los productos indicados  |d vLex Global  |d vLex Global (Academic Edition, excluding Law Schools)  |d vLex Global (U.S. Academic Edition, Law Schools)  |d vLex Global (U.S. Academic Edition, excluding Law Schools)  |d vLex Global (Academic Edition, Law Schools) 
650 0 4 |a Derecho Pb︢lico y Administrativo  |z Colombia 
700 1 |a Franco Fuquen, Natalia Rocio 
740 0 |a vLex Libros (Servicio en ln̕ea) 
856 4 0 |u https://app.vlex.com/#/sources/35897  |z Acceso restringido 
942 |c BOOK 
999 0 |a Public and Administrative Law